000 00897nam a2200217Ia 4500
999 _c39546
_d39546
001 6144
003 GE_BSU
005 20191122123946.0
008 181216s1978||||ge |||||||||||||| ||geo||
040 _cGE_BSU
041 _ageo
080 _a821.353.1-32 გ-12
_2
100 _aგაბრიაძე, რევაზ.
_95534
245 _aუცხო ჩიტი :
_bმოთხრობა /
_cრევაზ გაბრიაძე ; რედ. ზ. კუხიანიძე.
264 _aქუთაისი :
_bსაბჭოთა საქართველო-ქუთაისის ფილიალი,
_c1978.
300 _a106 გვ. :
_bნახატები ;
_c17 სმ.
653 _aმოთხრობა
653 _aუცხო ჩიტი
700 _aკუხიანიძე, ზ.
_eრედაქტორი
_93047
942 _cBK
_2udc